| 000 | 00965nam a22003017i 4500 | ||
|---|---|---|---|
| 999 |
_c200446808 _d65020 |
||
| 001 | 200446808 | ||
| 003 | TR-AnTOB | ||
| 005 | 20230616093210.0 | ||
| 007 | ta | ||
| 008 | 220126s1998 sz 000 0 eng d | ||
| 040 |
_aTR-AnTOB _beng _erda _cTR-AnTOB |
||
| 041 | 0 | _aeng | |
| 050 | 4 |
_aGE190.E85 _bE5 1996 |
|
| 082 |
_a363.7 _bECO 1998 |
||
| 090 |
_aGE190.E85 _bE5 1996 |
||
| 999 | _aGU 26.01.2022 | ||
| 245 | 0 | 0 | _aEnvironmental challenges for exporting to the European Union. |
| 264 | 1 |
_a[Place of publication not identified] : _bKomma Consultants BV, _c1998. |
|
| 300 |
_a220 pages ; _c30 cm |
||
| 336 |
_atext _btxt _2rdacontent |
||
| 337 |
_aunmediated _bn _2rdamedia |
||
| 338 |
_avolume _bnc _2rdacarrier |
||
| 490 | 0 | _aEco trade manual | |
| 500 | _a"Compiled for CBI, DIPO, NORAD, and Sida." | ||
| 650 | 0 |
_aEnvironmental policy _zEuropean Union countries _941377 |
|
| 650 | 0 |
_aEnvironmental law _zEuropean Union countries _945246 |
|
| 942 |
_2lcc _cBK |
||